000
00399nam a2200193Ia 4500
003
IT-RoPAU
008
120407s9999 xx 000 0 und d
040
_a
IT-RoPAU
040
_c
IT-RoPAU
041
_a
ita
100
_a
Antonio Castelli
245
_a
Il Cooperatore Paolino Anno 75.
250
_a
Roma
260
_c
1993
300
_c
cm
490
_v
1
942
_c
BK
999
_c
23791
_d
23791